LEADER 01074nam1 2200361 450 001 990000854000203316 035 $a0085400 035 $aUSA010085400 035 $a(ALEPH)000085400USA01 035 $a0085400 100 $a20020108d--------km-y0itay0103----ba 101 $aita 102 $aIT 105 $a||||||||001yy 200 1 $aNuovo mondo$edocumenti della storia della scoperta e dei primi insediamenti europei in America, 1492-1640$fserie diretta da Paolo Collo e Pir Luigi Crovetto 210 $aTorino$cG. Einaudi 215 $av$d22 cm 225 2 $aI millenni 410 $12001$aI millenni 606 0 $aAmerica$xScoperta$xDocumenti 676 $a970.015 702 1$aCOLLO,$bPaolo 702 1$aCROVETTO,$bPier Luigi 801 0$aIT$bsalbc$gISBD 912 $a990000854000203316 951 $aVARIE COLL. 59/63$bLM$cVARIE COLL. 959 $aBK 969 $aUMA 979 $aPATTY$b90$c20020108$lUSA01$h1539 979 $c20020403$lUSA01$h1730 979 $aPATRY$b90$c20040406$lUSA01$h1659 996 $aNuovo mondo$973646 997 $aUNISA LEADER 00945cam0-2200337---450- 001 990009123180403321 005 20151214120550.0 010 $a2-7143-0229-7 035 $a000912318 035 $aFED01000912318 035 $a(Aleph)000912318FED01 035 $a000912318 100 $a20091201d1987----km-y0itay50------ba 101 0 $afre 102 $aFR 105 $a--------001yy 200 1 $a<>voix de Marianne$eessai sur Marivaux$fBeatrice Didier 210 $aMayenne$cLibrairie José Corti$d1987 215 $a163 p.$d23 cm 610 0 $aNarrativa francese 610 0 $aMarivaux, Pierre de 676 $a842.5$v22$zita 700 1$aDidier,$bBéatrice$f<1935- >$0385083 801 0$aIT$bUNINA$gRICA$2UNIMARC 901 $aBK 912 $a990009123180403321 952 $a842.5 DID$bdono$fDECLI 952 $a842.5 MARI/S 4$bDip.f.m.3043$fFLFBC 959 $aDECLI 996 $aVoix de Marianne$9182243 997 $aUNINA LEADER 00914cam0-2200313---450- 001 990004661120403321 005 20081112161211.0 035 $a000466112 035 $aFED01000466112 035 $a(Aleph)000466112FED01 035 $a000466112 100 $a19990604d1987----km-y0itay50------ba 101 0 $aeng 102 $aGB 105 $ay-------001yy 200 1 $aParallel structures in syntax$ecoordination, causatives, and restructuring$fGrant Goodall 210 $aCambridge$cCambridge University Press$dc1987 215 $aXIII, 194 p.$d24 cm 225 1 $aCambridge studies in linguistics$v46 610 0 $aSintassi 676 $a415 700 1$aGoodall,$bGrant$0183841 801 0$aIT$bUNINA$gRICA$2UNIMARC 901 $aBK 912 $a990004661120403321 952 $a415 GOO 1$bDip.Fil.Mod.3846$fFLFBC 959 $aFLFBC 996 $aParallel structures in syntax$9553101 997 $aUNINA LEADER 01294nam--2200397---450- 001 990000952750203316 005 20100105103324.0 010 $a88-348-5106-4 035 $a0095275 035 $aUSA010095275 035 $a(ALEPH)000095275USA01 035 $a0095275 100 $a20020208d1995----km-y0itay0103----ba 101 $aita 102 $aIT 105 $a||||||||001yy 200 1 $a<> servizio nazionale di protezione civile$elegge 24 febbraio 1992, n.225 e norme collegate$fa cura di Maurizio Malo e Fabio Severo Severi 210 $aTorino$cG. Giappichelli$d1995 215 $aXII, 209 p$d23 cm 225 2 $aLegislazione/Oggi$v1 410 $12001$aLegislazione/Oggi$v1 606 0 $aProtezione civile$xLegislazione 676 $a344.450534 702 1$aMALO,$bMaurizio 702 1$aSEVERI,$bFabio Severo 801 0$aIT$bsalbc$gISBD 912 $a990000952750203316 951 $aXXX.A. Coll. 87/ 1 (COLL. PRH 1)$b8967 G$cXXX.A. Coll. 87/ 1 (COLL. PRH)$d00262806 959 $aBK 969 $aGIU 979 $aPATTY$b90$c20020208$lUSA01$h1214 979 $c20020403$lUSA01$h1738 979 $aPATRY$b90$c20040406$lUSA01$h1706 979 $aRSIAV2$b90$c20100105$lUSA01$h1033 996 $aServizio nazionale di protezione civile$9973226 997 $aUNISA LEADER 01296nam0-22003971i-450- 001 990005548710203316 005 20080117120000.0 035 $a000554871 035 $aUSA01000554871 035 $a(ALEPH)000554871USA01 035 $a000554871 100 $a20080117d2006-------|0itac50------ba 101 $aita 102 $aIT 105 $a||||I ||||| 200 1 $aMovimento migratorio della popolazione residente$eiscrizioni e cancellazioni anagrafiche$eanni 2001-2002$fIstat 210 $aRoma$cIstat$d2006.- 243 p. : tab. ; 26 cm. + 1 Cd-rom 225 2$aAnnuari$v14 311 $a2006$9USA4601 410 0$12001$aAnnuari$v14 606 $aPopolazione$xmovimento anagrafico$xItalia$2FI 620 $dRoma 676 $a304.809$cMovimento della popolazione. Storia, geografia, persone$v21 710 02$aIstituto centrale di statistica$0374421 712 $aistat 801 $aIT$bSOL$c20120104 912 $a990005548710203316 950 $aDIP.TO SCIENZE ECONOMICHE - (SA)$dDS 300 304.809 ist$e13623 DISES 951 $a300 304.809 ist$b13623 DISES 959 $aBK 969 $aDISES 979 $c20121027$lUSA01$h1533 979 $c20121027$lUSA01$h1613 996 $aMovimento migratorio della popolazione residente$9416729 997 $aUNISA NUM $aUSA17531 LEADER 01029nam--2200325---450- 001 990005980880203316 005 20141113152515.0 010 $a978-88-572-1990-5 035 $a000598088 035 $aUSA01000598088 035 $a(ALEPH)000598088USA01 035 $a000598088 100 $a20141113d2014----km-y0itay50------ba 101 0 $aita 102 $aIT 105 $ay|||||||001yy 200 1 $aGuida al mercato dell'arte moderna e contemporanea$econ le testimonianze dei maggiori protagonisti internazionali$fChiara Zampetti Egidi 210 $aMilano$cSkira$d2014 215 $a158 p.$d21 cm 606 0 $aOpere d'arte$xCommercio$zSec. 20.-21.$2BNCF 676 $a381.457 700 1$aZAMPETTI EGIDI,$bChiara$0619458 801 0$aIT$bsalbc$gISBD 912 $a990005980880203316 951 $aXII.3.B. 328$b247710 L.M.$cXII.3.$d359173 959 $aBK 969 $aUMA 979 $aANNAMARIA$b90$c20141113$lUSA01$h1525 996 $aGuida al mercato dell'arte moderna e contemporanea$91080027 997 $aUNISA LEADER 01639nas 2200361 n 450 001 990009048750403321 005 20240229084426.0 011 $a1591-8939 035 $a000904875 035 $aFED01000904875 035 $a(Aleph)000904875FED01 035 $a000904875 091 $2CNR$aP 00085183 100 $a20161109b18941900km-y0itaa50------ba 101 0 $aita 110 $aauu-------- 200 1 $aRivista delle privative industriali 207 1$a1894-1900 210 $aTorino$c[s.n.] 440 0$1001000904876$12001$aRivista delle privative industriali e bollettino degli attestati di privativa 530 0 $aRivista delle privative industriali 675 $a347.77 801 0$aIT$bACNP$c20090723 859 4 $uhttp://acnp.cib.unibo.it/cgi-ser/start/it/cnr/dc-p1.tcl?catno=56730&person=false&language=ITALIANO&libr=&libr_th=unina1$zBiblioteche che possiedono il periodico 901 $aSE 912 $a990009048750403321 958 $aBiblioteca Centrale "F. Gasparini". Facoltà di Ingegneria. Università degli Studi di Napoli "Federico II"$b1894-1900.$edIVf26$fFINBC FINAG 959 $aFINBC 959 $aFINAG 996 $aRivista delle privative industriali$9788892 997 $aUNINA AP1 8 $6866-01$aNA104 Biblioteca Centrale "F. Gasparini". Facoltà di Ingegneria. Università degli Studi di Napoli "Federico II"$bdIVf26$ep.le Tecchio,80, 80125 Napoli (NA)$m0817682190;0817682195$m0817682188$nit AP2 40$aacnp.cib.unibo.it$nACNP Italian Union Catalogue of Serials$uhttp://acnp.cib.unibo.it/cgi-ser/start/it/cnr/df-p.tcl?catno=56730&language=ITALIANO&libr=&person=&B=1&libr_th=unina&proposto=NO LEADER 02295nas 2200457 n 450 001 990008933310403321 005 20240229084541.0 011 $a0223-5188 035 $a000893331 035 $aFED01000893331 035 $a(Aleph)000893331FED01 035 $a000893331 091 $2CNR$aP 00002156 100 $a20090724b19611968km-y0itaa50------ba 101 0 $afre 110 $aauu-------- 200 1 $aBulletin signalétique. CNRS. Section 18: Sciences agricoles, zootechnie, phytiatrie et phytopharmacie, aliments et industries alimentaires 207 1$a1961-1968 210 $aParis$cCNRS 440 0$1001000893348$12001$aBulletin signalétique. CNRS. Section 380: Sciences agricoles, zootechnie, phytiatrie et phytopharmacie, aliments et industries alimentaires 443 0$1001000893315$12001$aBulletin signalétique. CNRS. 2. partie: Sciences biologiques, sciences pharmacologiques, industries alimentaires, agriculture 530 0 $aBulletin signalétique. CNRS. Section 18: Sciences agricoles, zootechnie, phytiatrie et phytopharmacie, aliments et industries alimentaires 675 $a58 675 $a59 675 $a63 675 $a664 676 $a630.2 676 $a664 676 $a011 676 $a615.53 712 02$aCentre national de la recherche scientifique$c 801 0$aIT$bACNP$c20090723 859 4 $uhttp://acnp.cib.unibo.it/cgi-ser/start/it/cnr/dc-p1.tcl?catno=1103&person=false&language=ITALIANO&libr=&libr_th=unina1$zBiblioteche che possiedono il periodico 901 $aSE 912 $a990008933310403321 958 $aBiblioteca. Dipartimento di Strutture, Funzioni e Tecnologie Biologiche dell'Università Federico II$b1961-1968.$fDMVSF 959 $aDMVSF 996 $aBulletin signalétique. CNRS. Section 18: Sciences agricoles, zootechnie, phytiatrie et phytopharmacie, aliments et industries alimentaires$9798143 997 $aUNINA AP1 8 $6866-01$aNA090 Biblioteca. Dipartimento di Strutture, Funzioni e Tecnologie Biologiche dell'Università Federico II$ev. Delpino,1, Napoli (NA)$m(081) 440120$nit AP2 40$aacnp.cib.unibo.it$nACNP Italian Union Catalogue of Serials$uhttp://acnp.cib.unibo.it/cgi-ser/start/it/cnr/df-p.tcl?catno=1103&language=ITALIANO&libr=&person=&B=1&libr_th=unina&proposto=NO LEADER 01938nam2 2200349 i 450 001 CFI0013868 005 20251003044109.0 020 $aIT$b86-16 100 $a19860726d1986 ||||0itac50 ba 101 | $aita 102 $ait 181 1$6z01$ai $bxxxe 182 1$6z01$an 200 0 $a3$eN-R 210 $aRoma$cMinistero per i beni culturali e ambientali-Ufficio centrale per i beni archivistici$d1986 215 $aXIV, 1301 p.$d24 cm. 461 1$1001CFI0013865$12001 $aGuida generale degli archivi di Stato italiani$fdirettori: Piero D'Angiolini, Claudio Pavone$gcapiredattori: Paola Carucci ... \et al.!$v3 606 $aArchivi di Stato$xItalia$xGuide$2FIR$3CFIC000775$9I 676 $a025.171409$9ATTIVITA NELLE BIBLIOTECHE, NEGLI ARCHIVI, NEI CENTRI D'INFORMAZIONE. TRATTAMENTO DEI MATERIALI ARCHIVISTICI. Storia, geografia, persone$v23 676 $a027.545$9BIBLIOTECHE DELL'AMMINISTRAZIONE PUBBLICA. Italia$v22 676 $a929.3$9$v21 686 $aX03.1$cGUIDE E INVENTARI DI ARCHIVI$2R 696 $aGuide turistiche$aGuide di viaggio 699 $aGuide$zGuide turistiche 699 $aGuide$yGuide di viaggio 801 3$aIT$bIT-000000$c19860726 850 $aIT-BN0095 $aIT-AV0011 $aIT-AV0001 $aIT-SA0188 $aIT-NA0043 $aIT-NA0079 $aIT-NA0070 $aIT-CE0072 $aIT-NA0059 $aIT-NA0120 $aIT-NA0189 $aIT-NA0075 $aIT-NA0230 $aIT-AV0045 $aIT-NA0817 $aIT-NA0453 $aIT-NA0095 $aIT-NA0097 912 $aCFI0013868 950 2$aBiblioteca Centralizzata di Ateneo$cv. 1-3$d 01BCA DIREZIONE 45$e 01 0000092865E VMA (0003 v. 3$fB $h20221129$i20231025 977 $a 01$a AH$a AL$a AM$a AN$a BN$a BU$a CE$a CN$a CR$a DP$a GE$a IR$a MV$a OS$a PF$a SB$a SP 996 $a3$961479 997 $aUNISANNIO LEADER 02334nam1 2200421 i 450 001 CFI0083137 005 20251003044119.0 100 $a19890202g1976 ||||0itac50 ba 101 | $aita 102 $ait 181 1$6z01$ai $bxxxe 182 1$6z01$an 183 1$6z01$anc$2RDAcarrier 200 1 $aRicerche di storia moderna 210 $aPisa$a\poi! Ospedaletto, Pisa$cPacini 215 $a v.$d24 cm. 463 1$1001CFI0083140$12001 $a3$eˆLa ‰città e il contado di Pisa nello Stato dei Medici, 15-17 sec.$fcontributi di Marco Della Pina ... [et al.]$gcon una premessa di Mario Mirri$v3 463 1$1001MIL0265966$12001 $aˆ4: ‰In onore di Mario Mirri$fa cura di Giuliana Biagioli$v4 463 1$1001PUV0180065$12001 $aˆ2: ‰Aziende e patrimoni di grandi famiglie (sec. 15.-19.)$fcontributi di E. Luttazzi Gregori ... [et al.|$gcon una premessa di Mario Mirri$v2 463 1$1001SBL0339827$12000 $a1$fcontributi di E. Fasano Guarini ... [et al.]$gcon una premessa di Mario Mirri$v1 606 $aStoria moderna e contemporanea$2FIR$3CFIC007282$9E 676 $a909.08$9STORIA MODERNA, 1450/1500-$v20 676 $a909.5$9STORIA MONDIALE, 1500-1599$v23 696 $aStoria moderna$aStoria contemporanea 699 $aStoria moderna e contemporanea$xStoria moderna$xStoria contemporanea 801 3$aIT$bIT-000000$c19890202 850 $aIT-BN0095 $aIT-NA0079 $aIT-NA0097 901 $bNAP BN$cMAGAZZINO $nmagazzini correnti divisi per anni 901 $bNAP BN$cB $nComprende volumi con collocazioni per formato catalogati prima del 1987. La consegna del doc. é effettuata dall'Uff. Distribuzione. 901 $bNAP BN$cC $nComprende volumi con collocazioni per formato catalogati prima del 1987. La consegna del doc. é effettuata dall'Uff. Distribuzione. 901 $bNAP SP$cNF. $nNUOVO FONDO 901 $bNAP 01$cPOZZO LIB.$nVi sono collocati fondi di economia, periodici di ingegneria e scienze, periodici di economia e statistica e altri fondi comprendenti documenti di economia pervenuti in dono. 912 $aCFI0083137 950 1$aBiblioteca Centralizzata di Ateneo$cv.4$d 01POZZO LIB.F. ASSANTE 522 967 $m3 977 $a 01$a BN$a SP 996 $aRicerche di storia moderna$9588477 997 $aUNISANNIO